[Event "SF Buer 1 - Bochumer SV 2"]
[Site "Verbandsliga - Gruppe 2 2018/"]
[Date "2019.05.05"]
[Round "9.8"]
[White "Muck, Markus"]
[Black "Czarnetzki, Iori"]
[Result "0-1"]
[WhiteElo "1138"]
[BlackElo "1597"]
[PlyCount "90"]
[EventDate "2019.??.??"]

1. e4 e6 2. Nf3 d5 3. exd5 exd5 4. d4 Bd6 5. Nc3 Ne7 6. Bd3 O-O 7. O-O Bg4 8.
Re1 Kh8 9. Nb5 Bb4 10. c3 Ba5 11. Bf4 a6 12. Na3 c6 13. b4 Bc7 14. Bxc7 Qxc7
15. Re3 Bh5 16. Qc2 Bg6 17. Rae1 Ng8 18. c4 dxc4 19. Nxc4 Nd7 20. Nce5 Bxd3 21.
Rxd3 f6 22. Nc4 Rae8 23. Rxe8 Rxe8 24. Re3 Rxe3 25. fxe3 Ne7 26. Qe4 Nf8 27. g3
Nd5 28. Qe8 Qe7 29. Qxe7 Nxe7 30. e4 Nd7 31. e5 fxe5 32. dxe5 Kg8 33. Nd6 b6
34. a4 a5 35. e6 Nf6 36. bxa5 bxa5 37. Nc4 Nfd5 38. Nfe5 Nc3 39. Nxa5 c5 40.
Nac6 Nxc6 41. Nxc6 Nxa4 42. Kf1 Nc3 43. h4 Nd5 44. Ke2 Nb4 45. Kd2 Nxc6 0-1

[Event "SC Mülheim 1 - Rochade Steele/Kray 2"]
[Site "Verbandsklasse - Gruppe 1 201"]
[Date "2019.05.05"]
[Round "9.1"]
[White "Ghajar Koshravi, Ariaan"]
[Black "Viebahn, Dirk"]
[Result "0-1"]
[WhiteElo "1830"]
[BlackElo "2124"]
[PlyCount "86"]
[EventDate "2019.??.??"]

1. e4 e5 2. Nf3 Nc6 3. Bb5 a6 4. Ba4 Nf6 5. O-O Be7 6. d3 b5 7. Bb3 O-O 8. Nc3
d6 9. h3 Na5 10. Ne2 Nxb3 11. axb3 c5 12. Ng3 Qc7 13. Qe2 Re8 14. Nh4 d5 15.
Nhf5 Bxf5 16. Nxf5 dxe4 17. dxe4 Qc6 18. Bg5 Bf8 19. f3 Nh5 20. g4 Nf4 21. Bxf4
exf4 22. Rfd1 Qf6 23. Qf2 Qxb2 24. Rab1 Qf6 25. Rd7 g6 26. Nh4 Rad8 27. Rbd1
Rxd7 28. Rxd7 Rd8 29. Rxd8 Qxd8 30. Ng2 g5 31. Qe2 Qd4+ 32. Qf2 Qd1+ 33. Ne1 a5
34. Kf1 a4 35. Qe2 Qxe2+ 36. Kxe2 a3 37. c3 a2 38. Nc2 Bg7 39. Kd3 b4 40. Kc4
Bxc3 41. Kxc5 Kf8 42. Kc4 Ke7 43. Kc5 Kd7 0-1

[Event "SC Mülheim 1 - Rochade Steele/Kray 2"]
[Site "Verbandsklasse - Gruppe 1 201"]
[Date "2019.05.05"]
[Round "9.2"]
[White "Langschmidt, Dirk"]
[Black "Ophoven, Hermann"]
[Result "1/2-1/2"]
[WhiteElo "2013"]
[BlackElo "1720"]
[PlyCount "28"]
[EventDate "2019.??.??"]

1. e4 g6 2. d4 Bg7 3. Nc3 d6 4. f4 a6 5. Nf3 Nf6 6. e5 Nfd7 7. Bc4 e6 8. d5 Nb6
9. Bb3 O-O 10. Be3 Nxd5 11. Nxd5 exd5 12. Qxd5 Nc6 13. exd6 Be6 14. Qd3 Nb4
1/2-1/2

[Event "SC Mülheim 1 - Rochade Steele/Kray 2"]
[Site "Verbandsklasse - Gruppe 1 201"]
[Date "2019.05.05"]
[Round "9.3"]
[White "Jacob, Donald"]
[Black "Achenbach, Manfred"]
[Result "1/2-1/2"]
[WhiteElo "1590"]
[BlackElo "1891"]
[PlyCount "64"]
[EventDate "2019.??.??"]

1. d4 c5 2. c3 g6 3. Bf4 Bg7 4. Nf3 Nf6 5. h3 b6 6. Nbd2 O-O 7. e3 d6 8. Be2
Bb7 9. Qc2 Nc6 10. O-O Rc8 11. Qd1 Qc7 12. Rb1 e5 13. dxe5 dxe5 14. Bh2 Rcd8
15. Qc2 Qe7 16. Rfd1 h6 17. Nf1 e4 18. Rxd8 Rxd8 19. N3d2 Ne5 20. Bxe5 Qxe5 21.
Rd1 Qe7 22. Nb3 a5 23. Rxd8+ Qxd8 24. Qd2 Qc7 25. Bb5 Bc6 26. Bxc6 Qxc6 27.
Qd8+ Kh7 28. Qe7 Qd5 29. Qc7 Qe6 30. Qa7 Bf8 31. Nbd2 Kg7 32. Qa6 Bd6 1/2-1/2

[Event "SC Mülheim 1 - Rochade Steele/Kray 2"]
[Site "Verbandsklasse - Gruppe 1 201"]
[Date "2019.05.05"]
[Round "9.4"]
[White "Riese, Manfred"]
[Black "Niemann, Walter"]
[Result "1/2-1/2"]
[WhiteElo "1861"]
[BlackElo "1696"]
[PlyCount "98"]
[EventDate "2019.??.??"]

1. c4 Nf6 2. g3 e6 3. Bg2 d5 4. Nf3 d4 5. d3 c5 6. Bg5 h6 7. Bxf6 Qxf6 8. Nbd2
Nc6 9. O-O Qd8 10. Rb1 a5 11. b3 Be7 12. a3 O-O 13. Qc2 e5 14. Rfd1 Kh8 15. e4
Bg4 16. Re1 Ra7 17. h3 Be6 18. Kh2 Qd7 19. Nf1 Ra6 20. g4 Qd8 21. Ng3 g6 22.
Re2 Bf6 23. Qc1 Kg7 24. Rbb2 Qe7 25. Re1 Qd8 26. Qc2 Qe7 27. Rg1 Rh8 28. Bf1
Kh7 29. Be2 Qd8 30. Rh1 Qe7 31. Kg2 Kg7 32. Rbb1 Qd8 33. Qc1 Qe7 34. Ne1 Bg5
35. Qd1 Qd8 36. Nc2 Be7 37. Bf3 Rb6 38. Qd2 Bg5 39. Qe1 Be7 40. Rg1 Kh7 41. Qe2
Bg5 42. Rh1 Bh4 43. Qd2 Bg5 44. Qe1 Be7 45. Rh2 Rg8 46. Kh1 Qc8 47. Qc1 Bh4 48.
Qd2 Bg5 49. Qe1 Be7 1/2-1/2

[Event "SC Mülheim 1 - Rochade Steele/Kray 2"]
[Site "Verbandsklasse - Gruppe 1 201"]
[Date "2019.05.05"]
[Round "9.5"]
[White "Kleeberg, Stefan"]
[Black "Straenger, Petra"]
[Result "0-1"]
[WhiteElo "1554"]
[BlackElo "1795"]
[PlyCount "70"]
[EventDate "2019.??.??"]

1. d4 d5 2. c4 c6 3. Nc3 Nf6 4. Nf3 dxc4 5. e4 b5 6. a3 e6 7. Be3 Be7 8. Qc2
Bb7 9. Be2 h6 10. Rd1 Qc7 11. h3 a6 12. e5 Nd5 13. Bc1 Qa5 14. O-O Nxc3 15.
Qxc3 Qxc3 16. bxc3 Nd7 17. Nd2 Nb6 18. Nb1 c5 19. Be3 Nd5 20. Bd2 O-O 21. f4
cxd4 22. cxd4 c3 23. Nxc3 Nxc3 24. Bxc3 Bxa3 25. f5 Rac8 26. Ba1 Rc2 27. Bf3
Bxf3 28. Rxf3 b4 29. Kh2 Rc1 30. Rdf1 Rxf1 31. Rxf1 Rc8 32. d5 exd5 33. Rf3 a5
34. Rg3 Bc1 35. Rf3 a4 0-1

[Event "SC Mülheim 1 - Rochade Steele/Kray 2"]
[Site "Verbandsklasse - Gruppe 1 201"]
[Date "2019.05.05"]
[Round "9.6"]
[White "Riek, Wolfgang"]
[Black "Peters, Guenter"]
[Result "1-0"]
[WhiteElo "1755"]
[BlackElo "1640"]
[PlyCount "95"]
[EventDate "2019.??.??"]

1. Nf3 Nf6 2. c4 e6 3. Nc3 d5 4. e3 Be7 5. d4 O-O 6. Bd3 b6 7. O-O Bb7 8. Bd2
Nbd7 9. Rc1 c5 10. cxd5 Nxd5 11. Ne4 N5f6 12. Ng3 Rc8 13. Bc3 h6 14. Qe2 Nd5
15. Rfd1 Nxc3 16. bxc3 cxd4 17. cxd4 Rxc1 18. Rxc1 Bf6 19. Qc2 Qb8 20. Qa4 Rd8
21. e4 Be7 22. e5 Rc8 23. Rd1 Bc6 24. Bb5 Bxb5 25. Qxb5 Qc7 26. h3 Nf8 27. Kh2
Ng6 28. Ne2 Qc4 29. Qb2 Qb4 30. Rb1 Qxb2 31. Rxb2 f6 32. g3 Kf7 33. Kg2 Nf8 34.
Nd2 Nd7 35. f4 f5 36. Kf2 g5 37. Nf3 Rc7 38. g4 fxg4 39. hxg4 gxf4 40. Nxf4 Bg5
41. Nh3 Be7 42. Re2 b5 43. Kg2 a5 44. d5 Rc4 45. dxe6+ Kxe6 46. Kg3 Rc5 47.
Nf4+ Kf7 48. e6+ 1-0

[Event "SC Mülheim 1 - Rochade Steele/Kray 2"]
[Site "Verbandsklasse - Gruppe 1 201"]
[Date "2019.05.05"]
[Round "9.7"]
[White "Jahrke, Lothar"]
[Black "Meyer, Friedel"]
[Result "1-0"]
[WhiteElo "1689"]
[BlackElo "1701"]
[PlyCount "66"]
[EventDate "2019.??.??"]

1. e4 e6 2. d4 d5 3. exd5 exd5 4. Bd3 Nf6 5. Bg5 Be7 6. Nd2 Nbd7 7. c3 h6 8.
Bh4 O-O 9. Ngf3 Re8 10. O-O Nf8 11. Ne5 Ne6 12. f4 Nh7 13. Bxe7 Qxe7 14. Qf3
Nf6 15. Rae1 Qf8 16. Re2 c5 17. Bb5 Rd8 18. Qf2 a6 19. Bd3 cxd4 20. cxd4 Ng4
21. Qg3 Nxd4 22. Ree1 Nf6 23. a3 Nf5 24. Qh3 Nd6 25. Qh4 Bf5 26. Bxf5 Nxf5 27.
Qh3 Nd6 28. Re3 Nde4 29. Nb3 Qd6 30. Kh1 Qb6 31. Re2 Rac8 32. g4 Qe6 33. Nd4
Qxg4 1-0

[Event "SC Mülheim 1 - Rochade Steele/Kray 2"]
[Site "Verbandsklasse - Gruppe 1 201"]
[Date "2019.05.05"]
[Round "9.8"]
[White "Wisotzky, Klaus"]
[Black "Goncharuk, Erik"]
[Result "1-0"]
[WhiteElo "1675"]
[BlackElo "1191"]
[PlyCount "119"]
[EventDate "2019.??.??"]

1. d4 d5 2. Nf3 Nf6 3. g3 g6 4. Bg2 Bg7 5. O-O O-O 6. Nbd2 Nc6 7. c3 Bf5 8. Nh4
Bg4 9. h3 Bd7 10. Nhf3 Re8 11. Re1 e5 12. dxe5 Nxe5 13. Nxe5 Rxe5 14. Nf3 Re8
15. Bg5 h6 16. Bxf6 Bxf6 17. Qxd5 Qc8 18. Kh2 Be6 19. Qd1 Rd8 20. Qc1 Kh7 21.
Rd1 Rxd1 22. Qxd1 Qd8 23. a3 Qxd1 24. Rxd1 Rd8 25. Rxd8 Bxd8 26. Nd4 b6 27. Nc6
Bg5 28. f4 Bf6 29. Nxa7 Bd7 30. Bc6 Bxc6 31. Nxc6 g5 32. f5 h5 33. g4 hxg4 34.
hxg4 Kg7 35. Kg2 Kf8 36. Kf3 Ke8 37. Ke4 Kd7 38. Ne5+ Bxe5 39. Kxe5 Ke7 40. f6+
Kd7 41. c4 c5 42. b4 Kc6 43. b5+ Kd7 44. Kd5 Kc7 45. e4 Kd7 46. e5 Ke8 47. Kc6
Kd8 48. Kxb6 Kd7 49. Kxc5 Ke6 50. Kd4 Kd7 51. a4 Kc7 52. a5 Kb7 53. e6 fxe6 54.
f7 Kc7 55. f8=Q Kd7 56. Ke5 Kc7 57. Qe7+ Kc8 58. Kd6 Kb8 59. Kc6 Ka8 60. Qb7#
1-0

[Event "DJK Wacker Bergeborbeck 1 - SV Wattensc"]
[Site "Verbandsklasse - Gruppe 1 201"]
[Date "2019.05.05"]
[Round "9.1"]
[White "Leveikina, Jevgenija"]
[Black "Landscheidt, Heinz"]
[Result "1-0"]
[WhiteElo "2033"]
[BlackElo "1843"]
[PlyCount "63"]
[EventDate "2019.??.??"]

1. d4 d5 2. Nf3 Nf6 3. c4 c6 4. Nbd2 e6 5. Qc2 Nbd7 6. e4 dxe4 7. Nxe4 Nxe4 8.
Qxe4 Bb4+ 9. Bd2 Bxd2+ 10. Nxd2 Nf6 11. Qh4 Qa5 12. O-O-O Qxa2 13. Bd3 Bd7 14.
g4 O-O-O 15. g5 Ne8 16. c5 f6 17. g6 e5 18. dxe5 fxe5 19. Nc4 Nf6 20. Nd6+ Kc7
21. Qb4 b5 22. cxb6+ axb6 23. Bb1 Qa1 24. Nc4 b5 25. Qd6+ Kb7 26. Nxe5 Nd5 27.
Rxd5 cxd5 28. Nxd7 Rc8+ 29. Nc5+ Rxc5+ 30. Qxc5 Rc8 31. Qxc8+ Kxc8 32. gxh7 1-0

[Event "DJK Wacker Bergeborbeck 1 - SV Wattensc"]
[Site "Verbandsklasse - Gruppe 1 201"]
[Date "2019.05.05"]
[Round "9.2"]
[White "Grodotzki, Thomas"]
[Black "Wolf, Ulrich"]
[Result "1/2-1/2"]
[WhiteElo "1972"]
[BlackElo "2026"]
[PlyCount "41"]
[EventDate "2019.??.??"]

1. e4 c5 2. Nf3 e6 3. Nc3 a6 4. a4 b6 5. d4 cxd4 6. Nxd4 Qc7 7. Be2 Bb7 8. O-O
Nf6 9. Bf3 d6 10. Bg5 Nbd7 11. g3 Be7 12. Qe2 O-O 13. Rad1 Rac8 14. Bg2 Qb8 15.
f3 Rfe8 16. Bc1 d5 17. Kh1 Bf8 18. exd5 Nxd5 19. Ne4 Qc7 20. c3 h6 21. Rfe1
1/2-1/2

[Event "DJK Wacker Bergeborbeck 1 - SV Wattensc"]
[Site "Verbandsklasse - Gruppe 1 201"]
[Date "2019.05.05"]
[Round "9.3"]
[White "Thelen, Thomas"]
[Black "Schaedlich, Andreas"]
[Result "1/2-1/2"]
[WhiteElo "1986"]
[BlackElo "1880"]
[PlyCount "54"]
[EventDate "2019.??.??"]

1. d4 d6 2. c4 g6 3. Nc3 Bg7 4. Bg5 Nf6 5. e4 Nc6 6. d5 Ne5 7. f4 Ned7 8. Qe2
h6 9. Bh4 Nh5 10. Nh3 Ndf6 11. e5 Bg4 12. Qc2 dxe5 13. fxe5 Nh7 14. e6 Bf5 15.
exf7+ Kxf7 16. Bd3 Bxc3+ 17. Qxc3 Bxd3 18. Qxd3 Qd6 19. O-O+ N7f6 20. Rae1 g5
21. Re6 Qd7 22. Qf5 Qd8 23. Be1 Ng7 24. Qe5 Nxe6 25. Qxe6+ Kg7 26. Bb4 Re8 27.
Nf2 a5 1/2-1/2

[Event "DJK Wacker Bergeborbeck 1 - SV Wattensc"]
[Site "Verbandsklasse - Gruppe 1 201"]
[Date "2019.05.05"]
[Round "9.4"]
[White "Alinsug, Salvadore"]
[Black "Peter, Thomas"]
[Result "0-1"]
[WhiteElo "1712"]
[BlackElo "2075"]
[PlyCount "70"]
[EventDate "2019.??.??"]

1. e4 e6 2. Nc3 d5 3. d4 Bb4 4. Bd3 c5 5. Bd2 cxd4 6. Nce2 Bxd2+ 7. Qxd2 dxe4
8. Bxe4 Nf6 9. Bf3 e5 10. Ng3 O-O 11. Nh3 Bxh3 12. gxh3 e4 13. Be2 Qd5 14. b3
Qe5 15. O-O Nc6 16. Rfe1 Nd5 17. Bc4 e3 18. fxe3 Nxe3 19. Bd3 f5 20. Qf2 Rf6
21. Qf3 Raf8 22. Re2 Nb4 23. Rae1 Nxd3 24. cxd3 Rh6 25. Rc1 Rxh3 26. Qxb7 Rxg3+
27. hxg3 Qxg3+ 28. Kh1 f4 29. Rg1 Qh4+ 30. Rh2 Qf6 31. Qe4 g6 32. Qb7 Rf7 33.
Qf3 Qe5 34. Rc1 Nf5 35. Re2 Qxe2 0-1

[Event "DJK Wacker Bergeborbeck 1 - SV Wattensc"]
[Site "Verbandsklasse - Gruppe 1 201"]
[Date "2019.05.05"]
[Round "9.5"]
[White "Doehmann, Joerg"]
[Black "Grimke, Michael"]
[Result "1-0"]
[WhiteElo "1768"]
[BlackElo "1666"]
[PlyCount "87"]
[EventDate "2019.??.??"]

1. d4 d6 2. Bf4 Nc6 3. Nf3 e6 4. Nc3 Nf6 5. e4 Be7 6. Be2 O-O 7. O-O b6 8. Re1
Bb7 9. Qd2 Rc8 10. Rad1 Nxd4 11. Qxd4 e5 12. Nxe5 dxe5 13. Bxe5 Qxd4 14. Bxd4
c5 15. Bxf6 Bxf6 16. Bg4 Rcd8 17. e5 Rxd1 18. Bxd1 Re8 19. f4 a6 20. Kf2 Be7
21. Bf3 Bxf3 22. Kxf3 Rd8 23. Rd1 Rxd1 24. Nxd1 Kf8 25. Nc3 Ke8 26. Nd5 Bd8 27.
Ke4 Kd7 28. c4 b5 29. b3 Ba5 30. g4 Bd8 31. Ne3 Kc6 32. Nf5 g6 33. Nd6 f6 34.
Ne8 fxe5 35. Kxe5 h6 36. Nf6 Bc7+ 37. Ke4 Bd6 38. h3 Bf8 39. f5 gxf5+ 40. Kxf5
Kd6 41. Ne4+ Kc6 42. Ke6 Bg7 43. Nf6 Bf8 44. Ne8 1-0

[Event "DJK Wacker Bergeborbeck 1 - SV Wattensc"]
[Site "Verbandsklasse - Gruppe 1 201"]
[Date "2019.05.05"]
[Round "9.6"]
[White "Nikolic, Djuro"]
[Black "Schlee, Ulrich"]
[Result "1-0"]
[WhiteElo "1710"]
[BlackElo "1768"]
[PlyCount "77"]
[EventDate "2019.??.??"]

1. g3 d5 2. Bg2 Nf6 3. c4 e6 4. cxd5 exd5 5. Qb3 c6 6. d3 Bd6 7. Nf3 O-O 8. O-O
Nbd7 9. Qc2 Ne5 10. b3 Re8 11. Bb2 Qc7 12. Nxe5 Bxe5 13. d4 Bd6 14. e3 Bg4 15.
Nc3 Qd7 16. Rac1 Bh3 17. Rfe1 Bxg2 18. Kxg2 Bb4 19. Rf1 Bxc3 20. Bxc3 Ne4 21.
Bb4 Ng5 22. Qd1 Qh3+ 23. Kg1 Re6 24. f3 Rae8 25. Bd2 Rh6 26. Qe2 Rg6 27. Qg2
Qe6 28. h4 Nh3+ 29. Kh2 Ng5 30. hxg5 Rxg5 31. f4 Rh5+ 32. Kg1 Qg4 33. Kf2 Rh6
34. Rh1 Ree6 35. Rxh6 gxh6 36. Qf3 Qf5 37. Re1 Qc2 38. Re2 Qg6 39. f5 1-0

[Event "DJK Wacker Bergeborbeck 1 - SV Wattensc"]
[Site "Verbandsklasse - Gruppe 1 201"]
[Date "2019.05.05"]
[Round "9.7"]
[White "Buechle, Regina"]
[Black "Elser, Christian"]
[Result "1/2-1/2"]
[WhiteElo "1687"]
[BlackElo "1641"]
[PlyCount "35"]
[EventDate "2019.??.??"]

1. d4 d5 2. Nf3 Nf6 3. c4 c6 4. cxd5 cxd5 5. Nc3 e6 6. Bf4 Bd6 7. Bxd6 Qxd6 8.
e3 Bd7 9. Bd3 a6 10. O-O Nc6 11. a3 O-O 12. Re1 Rac8 13. Rc1 Na5 14. Ne5 b5 15.
Qe2 Nc4 16. f4 Rc7 17. h3 Rfc8 18. Nxc4 1/2-1/2

[Event "DJK Wacker Bergeborbeck 1 - SV Wattensc"]
[Site "Verbandsklasse - Gruppe 1 201"]
[Date "2019.05.05"]
[Round "9.8"]
[White "Keuter, Frank"]
[Black "Boehmfeldt, Rolf"]
[Result "0-1"]
[WhiteElo "1449"]
[BlackElo "1883"]
[PlyCount "56"]
[EventDate "2019.??.??"]

1. Nf3 g6 2. g3 Bg7 3. d3 c5 4. Nbd2 d5 5. Bg2 Nc6 6. O-O e5 7. e4 d4 8. Re1
Nge7 9. Nf1 O-O 10. h4 h6 11. N1h2 b5 12. b3 Be6 13. g4 Rc8 14. Bh3 Qd7 15. Kg2
f5 16. gxf5 gxf5 17. exf5 Nxf5 18. Bxf5 Rxf5 19. Rg1 Rcf8 20. Kf1 Kh7 21. Rg3
Bd5 22. c4 dxc3 23. Be3 Nd4 24. Ne1 Qf7 25. f3 c2 26. Rxg7+ Qxg7 27. Qd2 Nxf3
28. Nexf3 Bxf3 0-1

[Event "SV Königsspringer Haltern 1 - SC Werl 1"]
[Site "Verbandsklasse - Gruppe 1 201"]
[Date "2019.05.05"]
[Round "9.1"]
[White "Schwarzkopf, Christian"]
[Black "Lombardi, Marco"]
[Result "1-0"]
[WhiteElo "2062"]
[BlackElo "1853"]
[PlyCount "69"]
[EventDate "2019.??.??"]

1. c4 e5 2. g3 Nf6 3. Bg2 Nc6 4. Nc3 Bc5 5. e3 d6 6. a3 a6 7. Nge2 Ba7 8. O-O
O-O 9. d4 Re8 10. h3 h6 11. d5 Nb8 12. e4 Nbd7 13. Kh2 Nf8 14. Qd3 Bd7 15. Be3
Bxe3 16. Qxe3 N8h7 17. Rac1 b6 18. Rc2 Qc8 19. f3 Kh8 20. b4 a5 21. c5 axb4 22.
axb4 bxc5 23. bxc5 Qd8 24. Rb1 Ra3 25. Qc1 Ra5 26. c6 Bc8 27. Ra1 Rxa1 28. Qxa1
Ng8 29. Nb5 f5 30. Ra2 f4 31. Qc1 Rf8 32. Ra7 Rf7 33. gxf4 exf4 34. Ned4 Nhf6
35. Ra8 1-0

[Event "SV Königsspringer Haltern 1 - SC Werl 1"]
[Site "Verbandsklasse - Gruppe 1 201"]
[Date "2019.05.05"]
[Round "9.2"]
[White "Schulz, Alfons"]
[Black "Stolle, Dietmar"]
[Result "1/2-1/2"]
[WhiteElo "1781"]
[BlackElo "2016"]
[PlyCount "56"]
[EventDate "2019.??.??"]

1. Nf3 d5 2. g3 Nf6 3. Bg2 c6 4. d3 Bg4 5. h3 Bh5 6. g4 Bg6 7. Ne5 Nbd7 8. Nxg6
hxg6 9. Nd2 e5 10. e4 dxe4 11. dxe4 Bc5 12. Qe2 Qc7 13. a4 O-O-O 14. c3 a5 15.
Nb3 Kb8 16. Bd2 Bb6 17. Nc1 Nc5 18. b4 Ne6 19. O-O Rd7 20. Nb3 Rhd8 21. bxa5
Bxa5 22. Rab1 Rd3 23. Rfc1 Bb6 24. a5 Bxa5 25. Nxa5 Qxa5 26. Be1 Nf4 27. Qb2
Qc7 28. c4 R8d7 1/2-1/2

[Event "SV Königsspringer Haltern 1 - SC Werl 1"]
[Site "Verbandsklasse - Gruppe 1 201"]
[Date "2019.05.05"]
[Round "9.3"]
[White "Lampe, Thomas"]
[Black "Michalicek, Roland"]
[Result "1-0"]
[WhiteElo "1919"]
[BlackElo "1826"]
[PlyCount "39"]
[EventDate "2019.??.??"]

1. e4 e5 2. f4 Qh4+ 3. g3 Qe7 4. fxe5 Qxe5 5. Nc3 Bb4 6. Nf3 Qe7 7. Qe2 c6 8.
Bh3 Na6 9. O-O d6 10. Bxc8 Rxc8 11. d4 Nf6 12. Bg5 Bxc3 13. bxc3 Qxe4 14. Qd2
O-O 15. Rae1 Qg4 16. Nh4 Ne4 17. Rxe4 Qxe4 18. Nf5 Rcd8 19. Bxd8 Rxd8 20. Qg5
1-0

[Event "SV Königsspringer Haltern 1 - SC Werl 1"]
[Site "Verbandsklasse - Gruppe 1 201"]
[Date "2019.05.05"]
[Round "9.4"]
[White "Eusgeld, Michael"]
[Black "Beulertz, Stefan"]
[Result "1/2-1/2"]
[WhiteElo "1828"]
[BlackElo "2046"]
[Annotator "Daniel"]
[PlyCount "48"]
[EventDate "2019.??.??"]

1. d4 e6 2. Nf3 f5 3. c4 Nf6 4. Nc3 d6 5. Bg5 Be7 6. Qd3 O-O 7. g3 a5 8. Bg2
Nbd7 9. O-O h6 10. Bxf6 Bxf6 11. e4 $11 fxe4 12. Nxe4 e5 13. dxe5 Nxe5 14.
Nxf6+ Qxf6 15. Nxe5 dxe5 16. Rae1 c6 17. f4 Bf5 18. Be4 Rad8 19. fxe5 Rxd3 20.
exf6 Bxe4 21. Rxe4 Rxf6 22. Rxf6 gxf6 23. Kf2 Rd2+ 24. Re2 Rd7 1/2-1/2

[Event "SV Königsspringer Haltern 1 - SC Werl 1"]
[Site "Verbandsklasse - Gruppe 1 201"]
[Date "2019.05.05"]
[Round "9.5"]
[White "Vieweger, Torsten"]
[Black "Backmann, Hans"]
[Result "1/2-1/2"]
[WhiteElo "1902"]
[BlackElo "1720"]
[PlyCount "73"]
[EventDate "2019.??.??"]

1. d4 d5 2. Bf4 e6 3. e3 Bd6 4. Nf3 Bxf4 5. exf4 Qd6 6. Qd2 Ne7 7. Bd3 Nd7 8.
g3 c5 9. c3 Nf6 10. Qe2 a6 11. O-O O-O 12. Ne5 cxd4 13. cxd4 Qb6 14. Rd1 Nf5
15. Nf3 Bd7 16. Nc3 g6 17. h3 Bc6 18. Rac1 Rac8 19. Bb1 Ne4 20. g4 Nxc3 21.
Rxc3 Nd6 22. Ne5 Bb5 23. Qe1 Rxc3 24. Qxc3 Rc8 25. Qe1 Qc7 26. Kg2 f6 27. Nf3
Kf7 28. g5 f5 29. Qe5 Qe7 30. b3 Ne4 31. h4 Be2 32. Re1 Bxf3+ 33. Kxf3 Qc7 34.
Re2 Qxe5 35. fxe5 Rc3+ 36. Kg2 Rc1 37. Bxe4 1/2-1/2

[Event "SV Königsspringer Haltern 1 - SC Werl 1"]
[Site "Verbandsklasse - Gruppe 1 201"]
[Date "2019.05.05"]
[Round "9.6"]
[White "Struebig, Dominik"]
[Black "Brunberg, Ingo"]
[Result "1/2-1/2"]
[WhiteElo "1683"]
[BlackElo "1774"]
[Annotator "Daniel"]
[PlyCount "70"]
[EventDate "2019.??.??"]

1. e4 Nc6 2. Nf3 e6 3. d4 d5 4. exd5 exd5 5. h3 Nf6 6. Bd3 Nb4 7. O-O Nxd3 8.
Qxd3 Be7 9. Re1 O-O 10. b3 c6 11. c4 Re8 12. Bd2 Ne4 13. Nc3 Nxd2 14. Nxd2 Be6
15. Nf3 $11 Qa5 16. c5 Bf6 17. Ne2 g6 18. g4 Bg7 19. a3 Qc7 20. Ra2 Re7 21. Ng3
Rae8 22. Rae2 Bc8 23. Rxe7 Rxe7 24. Rxe7 Qxe7 25. Qe3 Kf8 26. Kg2 Qxe3 27. fxe3
Ke7 28. Kf2 b6 29. b4 bxc5 30. bxc5 h6 31. e4 Be6 32. Ke3 dxe4 33. Nxe4 Bd5 34.
Nfd2 Ke6 35. Nd6 Bf6 1/2-1/2

[Event "SV Königsspringer Haltern 1 - SC Werl 1"]
[Site "Verbandsklasse - Gruppe 1 201"]
[Date "2019.05.05"]
[Round "9.7"]
[White "Zimmer, Sebastian"]
[Black "Poeter, Manfred"]
[Result "1/2-1/2"]
[WhiteElo "1716"]
[BlackElo "1702"]
[PlyCount "25"]
[EventDate "2019.??.??"]

1. e4 e6 2. d4 d5 3. Nc3 Bb4 4. Qg4 g6 5. e5 c5 6. Bg5 Qa5 7. Bd2 cxd4 8. Qxd4
Nc6 9. Bb5 Nge7 10. Nge2 O-O 11. Bxc6 Nxc6 12. Qe3 Qc7 13. a3 1/2-1/2

[Event "SV Königsspringer Haltern 1 - SC Werl 1"]
[Site "Verbandsklasse - Gruppe 1 201"]
[Date "2019.05.05"]
[Round "9.8"]
[White "Lohkemper, Malte"]
[Black "Mueller, Andreas"]
[Result "1/2-1/2"]
[WhiteElo "1554"]
[BlackElo "1696"]
[PlyCount "36"]
[EventDate "2019.??.??"]

1. d4 Nf6 2. Bf4 d5 3. e3 Bf5 4. c3 c6 5. Nd2 e6 6. Ngf3 Be7 7. Be2 h6 8. h3
O-O 9. O-O Nbd7 10. Ne5 Ne4 11. Nxe4 Bxe4 12. Bd3 Bxd3 13. Qxd3 Nxe5 14. dxe5
Bg5 15. Bh2 f5 16. exf6 Bxf6 17. f4 Be7 18. Kh1 Bd6 1/2-1/2

[Event "SG Mengede 1 - Sport Union Annen 1"]
[Site "Verbandsklasse - Gruppe 1 201"]
[Date "2019.05.05"]
[Round "9.1"]
[White "Mainka, Gregor"]
[Black "Pauling, Markus"]
[Result "1-0"]
[WhiteElo "2151"]
[BlackElo "2153"]
[PlyCount "75"]
[EventDate "2019.??.??"]

1. Nf3 d5 2. c4 e6 3. e3 Nf6 4. b3 c6 5. Be2 Be7 6. Bb2 O-O 7. Qc2 Nbd7 8. O-O
Re8 9. d4 Ne4 10. Rd1 f5 11. Nc3 Nxc3 12. Bxc3 Nf6 13. b4 Ne4 14. Be1 a6 15. a4
Bd6 16. Ne5 Qe7 17. Qb2 Bd7 18. b5 Reb8 19. f3 Nf6 20. c5 Bc7 21. b6 Bd8 22.
Bg3 Rc8 23. Nd3 g5 24. a5 g4 25. Nb4 gxf3 26. gxf3 Nh5 27. Bxa6 Be8 28. Bxb7
Qxb7 29. a6 Qg7 30. b7 Rcb8 31. bxa8=Q Rxa8 32. Qg2 f4 33. Bxf4 Nxf4 34. Qxg7+
Kxg7 35. exf4 Bf6 36. a7 Bh5 37. Nxc6 Bxf3 38. Rdb1 1-0

[Event "SG Mengede 1 - Sport Union Annen 1"]
[Site "Verbandsklasse - Gruppe 1 201"]
[Date "2019.05.05"]
[Round "9.2"]
[White "Borgschulze, Maik"]
[Black "Wicht, Juergen"]
[Result "1/2-1/2"]
[WhiteElo "2111"]
[BlackElo "2019"]
[PlyCount "27"]
[EventDate "2019.??.??"]

1. d4 Nf6 2. c4 g6 3. Nc3 Bg7 4. e4 d6 5. Nf3 O-O 6. Be2 Nbd7 7. O-O e5 8. Re1
exd4 9. Nxd4 Nc5 10. Bf3 Re8 11. b4 Ne6 12. Be3 a5 13. b5 Nc5 14. Bf4 1/2-1/2

[Event "SG Mengede 1 - Sport Union Annen 1"]
[Site "Verbandsklasse - Gruppe 1 201"]
[Date "2019.05.05"]
[Round "9.3"]
[White "Sondermann, Dirk"]
[Black "Weinert, Christian"]
[Result "1/2-1/2"]
[WhiteElo "1869"]
[BlackElo "1961"]
[PlyCount "49"]
[EventDate "2019.??.??"]

1. d4 Nf6 2. Nf3 e6 3. c4 Bb4+ 4. Bd2 Qe7 5. g3 Bxd2+ 6. Qxd2 Ne4 7. Qc2 Qb4+
8. Nc3 Nxc3 9. bxc3 Qxc4 10. e3 Qd5 11. Bg2 Qh5 12. O-O d6 13. Rab1 O-O 14. Nd2
Nc6 15. c4 a6 16. d5 Nd8 17. Nb3 e5 18. c5 f5 19. f4 Qe8 20. cxd6 cxd6 21. Nd2
b5 22. Rfc1 Nb7 23. Nb3 a5 24. Qc6 a4 25. Na1 1/2-1/2

[Event "SG Mengede 1 - Sport Union Annen 1"]
[Site "Verbandsklasse - Gruppe 1 201"]
[Date "2019.05.05"]
[Round "9.4"]
[White "Kraus, Reinhard"]
[Black "McAdam, Mark"]
[Result "0-1"]
[WhiteElo "1770"]
[BlackElo "1993"]
[Annotator "Daniel"]
[PlyCount "78"]
[EventDate "2019.??.??"]

1. c4 Nf6 2. g3 e6 3. Bg2 d5 4. Nf3 Be7 5. O-O O-O 6. b3 c5 7. e3 dxc4 8. bxc4
Nc6 9. d4 Qc7 10. Qc2 b6 11. Nc3 Bb7 12. Nb5 Qc8 13. dxc5 Bxc5 14. Bb2 Nb4 15.
Qc3 Rd8 16. Rfd1 Be4 17. Ne5 Bxg2 18. Ng4 Be7 19. Kxg2 Qb7+ 20. f3 Na6 21. Qe5
h6 22. Nd6 Qc7 23. Ne4 Qxe5 24. Nxe5 Nxe4 25. fxe4 Bf6 26. Bd4 $11 Rac8 27.
Rac1 Bxe5 28. Bxe5 Rxd1 29. Rxd1 f6 30. Bb2 Rxc4 31. Rd2 Rxe4 32. Rd8+ Kh7 33.
Rd7 e5 34. Rxa7 Rxe3 35. Kf2 Rd3 36. Ke2 Nc5 37. Ba3 Rc3 38. Bxc5 Rxc5 39. Kd3
Ra5 0-1

[Event "SG Mengede 1 - Sport Union Annen 1"]
[Site "Verbandsklasse - Gruppe 1 201"]
[Date "2019.05.05"]
[Round "9.5"]
[White "Hartung, Thomas"]
[Black "Ewers, Christian"]
[Result "0-1"]
[WhiteElo "1940"]
[BlackElo "1781"]
[PlyCount "38"]
[EventDate "2019.??.??"]

1. e4 c5 2. Nf3 Nc6 3. d4 cxd4 4. Nxd4 Qc7 5. Nc3 e6 6. Be3 Nf6 7. Be2 Be7 8.
O-O d6 9. g4 h5 10. g5 Ng4 11. Bxg4 hxg4 12. Nxc6 bxc6 13. Qxg4 e5 14. Qe2 a5
15. Rfd1 Qd7 16. f4 Qh3 17. Qf2 Rh4 18. Kh1 Bg4 19. Rg1 Bf3+ 0-1